1063 1078 1443 1214 1515 1085 1619 1801 1398 1658 1161 1944 1666 1288 1449 1364 1987 1981 1011 1553 1997 1328 1898 1827 1458 1982 1062 1562 1651 1713 1787 1612 1521 1204 1787 1058 1395 1397 1516 1589 1709 1593 1496 1499 1004 1245 1290 1565 1449 1343 1525 1018 1788 1213 1640 1278 1372 1119 1025 1013 1831 1822 1116 1931 1154 1801 1675 1601 1234 1767 1616 1222 1917 1857 1960 1973 1129 1910 1180 1811 1114 1015 1430 1252 1430 1539 1064 1034 1102 1923 1761 1852 1690 1136 1602 1205 1559 1505 1836 BCNSPRNW ULIB Ver.6.0+V

เปลี่ยนเป็นภาษาไทย

Change to English
 แสดงรายละเอียดบรรณานุกรม
  กลับหน้าหลัก

Brief Record : Get Marc (ISO 2709) : E-mail record : QR code < ปิดหน้าต่าง
LEADER : 00000nam 2200000uu 4500
001    13399127965
003     ULIB
008    211117s2563||||th 000 0 tha d
020    ^a9786164980198
050    ^a^bนว.^bต-ต
100    ^aติกาหลัง
245    ^aตุลยธรอ้อนรัก
250    ^aพิมพ์ครั้งที่ 1
260    ^aกรุงเทพฯ :^bแสนรัก,^c2563
300    ^a344 หน้า;^b21 ซม.
650    ^aนวนิยาย
945    ^p307^l0^i008555
999    ^aประนอม เกษจรัล
รายการนี้ยังไม่มีแท็ก
คุณยังไม่ได้ล็อกอิน คุณสามารถมีกิจกรรมร่วมกับเว็บไซต์ได้ แต่ต้องล็อกอินก่อน ::
  ล็อกอิน

รายการสื่อสารสนเทศ

ลำดับที่ ประเภท เลขเรียก/บาร์โค้ด สถานที่ สถานะ
1. นวนิยาย
นวนิยาย
นว. ต-ต ฉ.1 
  Barcode: 008555
ห้องสมุดวิทยาเขตสวรรค์ประชารักษ์
►นวนิยาย
ถูกยืม กำหนดส่งวันที่ 10 สิงหาคม 2566
  จอง

รายการใกล้เคียง
    ชื่อเรื่อง [ตุลยธรอ้อนรัก]

    ผู้แต่ง [ติกาหลัง]

    หัวเรื่อง [นวนิยาย]

BibComment


ยังไม่เคยถูกคอมเมนท์

คอมเมนท์ทรัพยากรรายการนี้
  คอมเมนท์: ตุลยธรอ้อนรัก


 Copyright 2026. Bcnsprnw @Library